Geometry Dash,Hardest Official Levels A-Z - Statistics

General Stats
  • This quiz has been taken 574 times
  • The average score is 11 of 12
Answer Stats
Letters Difficulty Levels % Correct
C Demon Clubstep
98%
D Demon Deadlocked
96%
T Demon Theory of everything 2
94%
X Insane Xstep
94%
S Easy Stereo madness
93%
J Harder Jumper
92%
F Insane Fingerdash
90%
E Insane Electrodynamix
89%
P Normal Polargeist
88%
B Harder Blast processing
87%
H Insane Hexagon force
87%
G Harder Geometrical dominator
85%
No matching quizzes found
Score Distribution
Percent of People with Each Score
Percentile by Number Answered
Your Score History
You have not taken this quiz